00576 2200217 4500001002100000005001500021035002000036007000300056008004100059020001500100082000800115084001400123100002100137245005700158250001000215260004100225300003100266600002300297990001800320990002000338INLIS00000000000881120210507020144 a0010-0521000104ta210507 g 0 ind  a9795034294 a369 a369 MAM m0 aMamduh M. Hanafi1 aManajemen keuangan internasional /cMamduh M. Hanafi acet.1 aYogyakarta :bBPFE-YOGYAKARTA,c2003 axx, 716 hlm. ;c23 x 15 cm 4aManajemen Keuangan a6262041010956 a626.204.1010955